|
|
|
|
| LEADER |
00000cam a2200000 a 4500 |
| 001 |
vtls001097464 |
| 003 |
SK-MaSNL |
| 005 |
20260301062448.0 |
| 008 |
250313s1981 xo j 000 0 slo |
| 015 |
|
|
|a SNBA1982/03
|
| 035 |
|
|
|a SNK000040306
|
| 035 |
|
|
|a urn:nbn:sk:snk-amkebo
|
| 035 |
|
|
|a urn:nbn:sk:snk-am008c75
|
| 035 |
|
|
|a 721B42F0-52F0-4DC4-9A47-C69430D82CEC
|
| 040 |
|
|
|a SNK
|b slo
|c SNK
|e AACR2
|
| 041 |
0 |
|
|a slo
|
| 044 |
|
|
|a xo
|c SK
|
| 080 |
|
|
|a 885.4-96(087.5)
|2 1981
|
| 080 |
|
|
|a 611/612(087.5)
|2 1981
|
| 100 |
1 |
|
|a Strmeňová, Jiřina,
|d 1925-
|4 aut
|9 250498
|
| 245 |
1 |
0 |
|a Ja som človek, ty si človek
|c Jiřina Strmeňová ; ilustrovali Ján Meisner, Jozef Michaláč
|
| 250 |
|
|
|a 1. vyd.
|
| 260 |
|
|
|a Bratislava
|b Mladé letá
|c 1981
|
| 300 |
|
|
|a 80 s.
|c 27 cm
|
| 366 |
|
|
|e 16000 výt.
|
| 521 |
1 |
|
|a Pre čitateľov od 7 rokov
|
| 650 |
0 |
7 |
|a anatómia človeka
|2 SNKPH
|9 711
|
| 650 |
0 |
7 |
|a fyziológia človeka
|2 SNKPH
|9 1098
|
| 655 |
|
7 |
|a publikácie pre deti a mládež
|2 SNKPH
|9 70541
|
| 655 |
|
7 |
|a populárno-náučné publikácie
|2 SNKPH
|9 70460
|
| 700 |
1 |
|
|a Meisner, Ján
|4 ill
|9 279454
|
| 700 |
1 |
|
|a Michaláč, Jozef,
|d 1944-
|4 ill
|9 107679
|
| 852 |
|
|
|a Slovenská národná knižnica
|
| 958 |
|
|
|a OND
|
| 999 |
|
|
|c 620742
|d 622672
|
| 952 |
|
|
|a SNK
|b SNK
|y PREZ
|7 0
|p 17A0981278
|o snkSB 33328
|i snkKSP 1542/82
|0 0
|1 0
|4 0
|d 2014-12-08
|f 1
|l 0
|r 2025-04-08 00:00:00
|w 2026-02-23
|
| 952 |
|
|
|a SNK
|b SNK
|y VYP
|7 0
|p 17A1317853
|o snkSB 33328 D1
|i snkKSP 1543/82
|0 0
|1 0
|4 0
|d 2014-12-08
|l 0
|r 2026-02-23 16:54:24
|w 2026-02-23
|